00312nam a2200109Ia 4500008004100000082000800041100001800049245001900067942000600086952009500092999001500187240331s9999 xx 000 0 und d bPER aPerera, S.M.C 0aSamaja Prashna cL 001040708LaWERCLbWERCLcSSCd2024-03-31l0o 304 PERp6686r2024-03-31w2024-03-31yL c5755d5755